Poľnohospodárstvo - kľúčová oblasť integrácie
Produkty zahrnuté do spoločného trhu s obilninami v Európskej únii a ich kódy. Nariadenia EÚ v rámci podporného systému pre ornú pôdu a jej úhorovanie. Exportno-importný režim a intervenčný poriadok rady EÚ. Základný program Spoločnej agrárnej politiky Európskej únie.
Salvato in:
| Autore principale: | |
|---|---|
| Natura: | Libro |
| Lingua: | slovacco |
| Soggetti: | |
| Tags: |
Nessun Tag, puoi essere il primo ad aggiungerne!!
|
MARC
| LEADER | 00000nam a2200000 4500 | ||
|---|---|---|---|
| 001 | r030362 | ||
| 005 | 20230824094527.3 | ||
| 041 | 0 | |a slo | |
| 044 | |a SK | ||
| 245 | 1 | 0 | |a Poľnohospodárstvo - kľúčová oblasť integrácie |c Pavol Stehlo |
| 520 | |a Produkty zahrnuté do spoločného trhu s obilninami v Európskej únii a ich kódy. Nariadenia EÚ v rámci podporného systému pre ornú pôdu a jej úhorovanie. Exportno-importný režim a intervenčný poriadok rady EÚ. Základný program Spoločnej agrárnej politiky Európskej únie. | ||
| 610 | 2 | 0 | |a poľnohospodárstvo |
| 610 | 2 | 0 | |a Európska únia |
| 610 | 2 | 0 | |a integrácia ekonomická medzinárodná |
| 610 | 2 | 0 | |a Slovensko |
| 610 | 2 | 0 | |a obilniny |
| 610 | 2 | 0 | |a legislatíva |
| 610 | 2 | 0 | |a pôda poľnohospodárska |
| 610 | 2 | 0 | |a vývoz |
| 610 | 2 | 0 | |a dovoz |
| 610 | 2 | 0 | |a politika poľnohospodárska |
| 610 | 2 | 0 | |a CAP |
| 100 | 1 | |a Stehlo, Pavol | |